000 01235nam a22003377a 4500
003 CHAP
005 20220329134826.0
008 971013s1958 r 10010 d
010 _a26551
011 _a27523
035 _a31624
040 _cCHAP
082 _a330.63
_bC6 1957
111 0 0 _aCongreso de Economía Nacional (
_n1
_d: 1957
_c: Lima)
_926671
245 _aAnales
260 _aLima :
_bFacultad de Ciencias Económicas y Comerciales,
_c1958
300 _a4 v.
590 _aBATCH-UPD
_b10
_c20130110
_lUCH01
_h2149
590 _aBATCH-UPD
_b10
_c20130410
_lUCH01
_h1457
590 _aBATCH-UPD
_b10
_c20130914
_lUCH01
_h1230
590 _aCONVERSION
_b10
_c20130109
_lUCH01
_h1315
650 1 4 _aEconomía
_xCongresos.
_935231
650 1 4 _aPerú
_xCondiciones económicas.
_987218
901 _aBK
942 _cLIBRO
949 _a330.63 C6 1957
_bBC
_cLIBRO
_d33724000318481
_eLIBRO
_fv.1
_i31624
_si
949 _a330.63 C6 1957
_bBC
_cLIBRO
_d33724000318499
_eLIBRO
_fv.1 c.2
_i31624
_si
949 _a330.63 C6 1957
_bBC
_cLIBRO
_d33724000318507
_eLIBRO
_fv.2
_h2362
_i31624
_si
949 _a330.63 C6 1957
_bBC
_cLIBRO
_d33724000318515
_eLIBRO
_fv.3
_i31624
_si
949 _a330.63 C6 1957
_bBC
_cLIBRO
_d33724000318523
_eLIBRO
_fv.4
_i31624
_si
999 _c26551
_d26551